000 00341nam a2200145Ia 4500
005 20251222153613.0
008 251222s9999||||xx |||||||||||||| ||spa||
020 _a8478807330
082 _a863/V23
100 _aVallejo - NĂ¡gera, Alejandra
245 0 _aLa Edad del Pavo:
250 _a10ma.ed.
264 _bTemas de Hoy
942 _cLIB
999 _c31703
_d31703